000 004870000a22001930004500
001 003853
003 MACL
005 20150918162510.0
008 150918b xxu||||| |||| 00| 0 eng d
040 _aMACL
_cMACL
041 _aEnglish
082 _a823..301/SAR
100 _aBrahma, Sanil Kumar
_911841
245 _aModern Bodo Short Stories
_cSanil Kumar Brahma
260 _aNew Delhi
_c2003
_bSahitya Academi,
350 _a50
650 _aFiction
_911842
942 _k823
_cBK
_2ddc
999 _c15746
_d15746